Państwa ze stacjami badawczymi w Antarktyce - Statystyki

Ogólne statystyki
  • Ten quiz został rozwiązany 77 razy
  • Średni wynik to 16 z 19
Statystyki odpowiedzi
Odpowiedź % Poprawnych
Rosja
99%
Stany Zjednoczone
99%
Francja
96%
Chiny
94%
Polska
94%
HIszpania
93%
Niemcy
93%
Australia
92%
Wielka Brytania
92%
Argentyna
87%
Indie
87%
Japonia
86%
Włochy
85%
Norwegia
83%
Chile
82%
RPA
80%
Nowa Zelandia
77%
Ukraina
61%
Belgia
51%
Nie znaleziono quizów pasujących do podanych kryteriów
Rozkład punktacji
Procent ludzi z każdym wynikiem
Percentyl według liczby udzielonych odpowiedzi
Twoja historia wyników
Nie rozwiązałeś tego quizu